Statistics for Presidents Of France

Click here to take the quiz!

General Stats

  • This quiz has been taken 927 times
    (926 since last reset)
  • The average score is 9 of 24

Answer Stats

Hint Answer % Correct
2007-2012Nicolas Sarkozy
96%
1959-1969Charles de Gaulle
94%
2012-Francois Hollande
93%
1995-2007Jacques Chirac
91%
1981-1995Francois Mitterrand
87%
1969-1974Georges Pompidou
68%
1974-1981Valéry Giscard d'Estaing
64%
1848-1852Louis-Napoléon Bonaparte
50%
1954-1959René Coty
35%
1913-1920Raymond Poincaré
27%
1873-1879Patrice de Mac-Mahon, duc de Magenta
22%
1871-1873Adolphe Thiers
22%
1947-1954Vincent Auriol
21%
1895-1899Féilx Faure
20%
1887-1894Marie Francois Sandi Carnot
20%
1931-1932Paul Doumer
18%
1932-1940Albert LeBrun
17%
1920Paul Deschanel
16%
1924-1931Gaston Doumergue
15%
1920-1924Alexandre Millerand
15%
1894-1895Jean Casimir-Perier
11%
1879-1887Jules Grévy
11%
1899-1906Émile Loubet
10%
1906-1913Armand Fallieres
9%

Score Distribution

Percentile by Number Answered

Percent of People with Each Score

Your Score History

You have not taken this quiz since the last reset